| 000 | 01360nam a2200265Ia 4500 | ||
|---|---|---|---|
| 999 |
_c37694 _d37694 |
||
| 001 | 3667 | ||
| 003 | GE_BSU | ||
| 005 | 20190625161101.0 | ||
| 008 | 181216s2007||||ge |||||||||||||| ||geo|| | ||
| 040 | _cGE_BSU | ||
| 041 | _ageo | ||
| 080 | _a322(479.22) ხ–56 | ||
| 100 |
_aხინჩაგაშვილი, შოთა _92905 |
||
| 245 |
_aრელიგიური და კულტურული იდენტობის პრობლემები კავკასიის ხალხებში : _bპოსტსაბჭოთა პერიოდი / _cშოთა ხინჩაგაშვილი ; რედ. ნინო ჩიქოვანი ; პოლიტოლოგიის ინ-ტი. |
||
| 264 |
_aთბილისი, _c2007. |
||
| 300 |
_a132 გვ. ; _b20 სმ. |
||
| 501 | _aბიბლიოგრ. ტექსტ. შენიშვნ. და გვ. 98-100. | ||
| 653 | _aისლამი კავკასიაში | ||
| 653 | _aრელიგიური იდენტობა | ||
| 653 | _aკულტურული იდენტობა | ||
| 653 | _aსუფიზმი | ||
| 700 |
_aჩიქოვანი, ნინო _eრედაქტორი _92906 |
||
| 710 |
_aპოლიტოლოგიის ინ-ტი. _9769 |
||
| 942 |
_cBK _2udc |
||